| 000 | 00438nam a22001697a 4500 | ||
|---|---|---|---|
| 005 | 20180720114451.0 | ||
| 008 | 160625b xxu||||| |||| 00| 0 eng d | ||
| 020 | _a81-219-2014-0 | ||
| 041 | _aeng | ||
| 082 |
_b9968 _a658.16 |
||
| 100 |
_aKhanka, Dr. S.S. _92726 |
||
| 245 | _aOrganisational Behaviour: text and cases | ||
| 260 |
_aNew Delhi _bSultan Chand & Sons, _c2009 |
||
| 300 | _a530p, | ||
| 650 |
_aManagement _9241 |
||
| 942 | _cBK | ||
| 999 |
_c3923 _d3922 |
||